000 01179nam a2200313 i 4500
003 EG-GICUC
005 20260121101216.0
008 251112s1997 ua ||||fr|||| 00| 0 ara d
017 _a95/5541
020 _a9770413887
040 _a EG-GICUC
_bara
_c EG-GICUC
_d EG-GICUC
_erda
041 0 _aara
082 0 4 _221
_a345
_bم ح . م
092 0 4 _221
099 _aLaw1 07 345 م ح . م 1997
100 0 _aمحمد سعيد حسين امين
_eمؤلف.
245 1 0 _aمبادئ القانون الاداري :
_bدراسة في أسس التنظيم الإدراي - أساليب العمل الإداري /
_cمحمد سعيد حسين امين.
264 1 _a[مكان النشر غير محدد] :
_bدار الثقافة الجامعية،
_c1997.
300 _a856 ؛ صفحة
_c24 سم
336 _2rda content
_atext
337 _2rda media
_aComputer
338 _2rda carrier
_aOnline Resource
546 _aالنص باللغة العربية
650 1 4 _aالقانون الإدري
650 1 4 _aمبادئ القانون الإداري
856 4 0 _uhttps://fll.law.cu.edu.eg/fulltext/bks/B07-00555.pdf
905 _a30
942 _2ddc
_cBK
_e21
_n0
999 _c42971
_d42971